000 00776nam a2200229 a 4500
001 BRCA_4739
005 20190320204802.0
008 071010s1901----sp-a######---#000-0#spa-#
041 _aspafre
044 _asp
050 4 _aNK8262
_b.L32 1901
100 1 _aLabarta, Luis
_912000
245 1 0 _aHierros artísticos = Fers Artistiques
_bcolección de láminas representando las más notables trabajos de forja, particularmente los debidos a los maestros castellanos y catalanes
_cLuis Labarta.
260 _aBarcelona
_bFran Seix
_c[1901]
300 _a2 v.
_bil. (algunas a color), 200 láminas
_c30 cm.
500 _aD81
546 _aTexto en: español y francés
650 1 4 _aHerrajes
_zEspaña
_911597
740 0 _aFers Artistiques
902 _aGFM
942 _2lcc
_cB
999 _c4437
_d4437